00324pab a2200121 454500008004000000100002800040245005600068260000900124300001300133362001100146650001100157773003400168180718b2008 xxu||||| |||| 00| 0 eng d aSrivastava, Vinay Kumar aConcept of tribe in the draft national tribe policy c2008 ap.29-35. a13 Dec aTribes aEconomic and Political Weekly